| 000 | 01374nam a2200265Ia 4500 | ||
|---|---|---|---|
| 003 | PE SENCICO BE | ||
| 005 | 20251020182608.0 | ||
| 008 | 200515s9999 xx 000 0 und d | ||
| 020 | _a978-84-15967-85-9 | ||
| 040 |
_aPE SENCICO BE _cPE SENCICO BE |
||
| 041 | _aspa | ||
| 082 |
_a624.17 _bR68 |
||
| 100 | 1 |
_91442 _aRivas Adrover, Esther _eautor |
|
| 245 | 1 | 0 |
_aEstructuras desplegables : _barquitectura, ingeniería y diseño / _cEsther Rivas Adrover |
| 250 | _a1a ed. | ||
| 260 |
_aBarcelona : _bPromopress, _c2015 |
||
| 300 |
_a160 páginas : _bilustraciones a color, diagramas ; _c17 cm. |
||
| 504 | _aBibliografía: p. 154-155. | ||
| 520 | 3 | _aLa estructura desplegable se expanden y se contraen debido a las características geométricas, materiales y mecánicas, ofreciendo el potencial de crear entornos verdaderamente cambiantes. Este libro considera las innovaciones mas recientes en este campo y examina los distintos tipos de estructuras desplegables, así como numerosos enfoques de diseño. Lleno de fotografías, maquetas, ilustraciones y diagramas. Esta repleto de ideas inspiradoras destinadas a profesionales y estudiantes de arquitectura. | |
| 650 | 1 | 0 |
_aDiseño de estructuras _916 |
| 650 | 2 | 0 |
_aAnálisis estructural (Ingeniería) _9159 |
| 650 | 2 | 0 |
_aModelos estructurales _9160 |
| 650 | 2 | 0 |
_aSistemas estructurales _9742 |
| 942 |
_cLIB _2ddc |
||
| 999 |
_c3271 _d3271 |
||